KOHA-Header-6

Psychological Testing (Record no. 12149)

000 -LEADER
fixed length control field 00320nam a22001457a 4500
020 ## - INTERNATIONAL STANDARD BOOK NUMBER
ISBN 978-93-325-7558-5
082 ## - DEWEY DECIMAL CLASSIFICATION NUMBER
Classification number 150.28
100 ## - MAIN ENTRY--AUTHOR NAME
Personal name Anne Anastasi
245 ## - TITLE STATEMENT
Title Psychological Testing
250 ## - EDITION STATEMENT
Edition statement 7th Edition
260 ## - PUBLICATION, DISTRIBUTION, ETC. (IMPRINT)
Place of publication New York
Name of publisher Pearson
Year of publication 2017
300 ## - PHYSICAL DESCRIPTION
Number of Pages 628
650 ## - SUBJECT ADDED ENTRY--TOPICAL TERM
Topical Term Psychology
942 ## - ADDED ENTRY ELEMENTS (KOHA)
Koha item type Books
Holdings
Withdrawn status Lost status Collection code Permanent Location Current Location Shelving location Date acquired Full call number Accession Number Koha item type
    Psychology MAJU MAJU Shelf No.A35 2019-10-31 150.28 9417 Psychology

Powered by Koha